[Event "Aarhusmesterskabet 1986"]
[Site "Aarhus"]
[Date "1986.??.??"]
[Round "1"]
[White "Schandorff, Lars"]
[Black "Kroll, Ove"]
[Result "1/2-1/2"]
[WhiteElo "2335"]
[BlackElo "2330"]
[EventType "tourn"]
[EventRounds "7"]
[EventCountry "DEN"]
[SourceTitle "Gl Danbase"]

1. d4 e6 2. c4 Bb4+ 3. Bd2 a5 4. Nf3 Nf6 5. Nc3 b6 6. g3 Ba6 7. b3 O-O 8. Bg2 d5 9. cxd5 exd5 10. a3 Bd6 11. O-O Re8 12. Re1 Nbd7 13. Nh4 Bb7 14. Nb5 Bf8 15. Nf5 Ba6 16. Nc3 Bb7 17. Qc2 Ne4 18. Nxe4 dxe4 19. Rec1 Rc8 20. b4 Nf6 21. bxa5 bxa5 22. Qa4 c5 23. Bxa5 Qd5 24. Ne3 Qxd4 25. Qc2 Nd5 26. Nc4 e3 27. f4 Ba6 28. Bf3 Re6 29. Qb2 Nxf4 30. Qxd4 cxd4 31. Nxe3 Rxc1+ 32. Rxc1 Bxe2 33. gxf4 Bxf3 34. Nf5 d3 35. Nd4 Rg6+ 36. Kf2 Bb7 37. Ke3 Ba6 38. Bb4 h5 39. Bxf8 Kxf8 40. Rc6 Rxc6 41. Nxc6 Bb5 1/2-1/2

[Event "Aarhusmesterskabet 1986"]
[Site "Aarhus"]
[Date "1986.??.??"]
[Round "2"]
[White "Jensen, Vagn"]
[Black "Kroll, Ove"]
[Result "1/2-1/2"]
[WhiteElo "2215"]
[BlackElo "2330"]
[EventType "tourn"]
[EventRounds "7"]
[EventCountry "DEN"]
[SourceTitle "Gl Danbase"]

1. e4 e6 2. d4 d5 3. Nc3 Bb4 4. Bd2 Ne7 5. Bd3 c5 6. dxc5 Bxc5 7. Nf3 Nbc6 8. a3 a6 9. O-O O-O 10. exd5 exd5 11. Bf4 d4 12. Ne4 Nd5 13. Qd2 Be7 14. Rfe1 Bf5 15. Bg3 Bg6 16. Bc4 Nf6 17. Nxf6+ Bxf6 18. Ne5 Rc8 19. Nxg6 hxg6 20. Qd3 Ne7 21. Bb3 Nf5 22. Re2 Re8 23. Rae1 Qd7 24. Be5 Bxe5 25. Rxe5 Rxe5 26. Rxe5 Re8 27. Rxe8+ Qxe8 1/2-1/2

[Event "Aarhusmesterskabet 1986"]
[Site "Aarhus"]
[Date "1986.??.??"]
[Round "2"]
[White "Rewitz, Poul"]
[Black "Schandorff, Lars"]
[Result "0-1"]
[WhiteElo "2295"]
[BlackElo "2335"]
[EventType "tourn"]
[EventRounds "7"]
[EventCountry "DEN"]
[SourceTitle "Gl Danbase"]

1. d4 d5 2. c3 g6 3. Bg5 Bg7 4. e3 Nf6 5. Bd3 O-O 6. Nd2 b6 7. f4 Qd6 8. Qf3 Bg4 9. Qf2 c5 10. h3 Bc8 11. Ne2 Ba6 12. Bxa6 Nxa6 13. g4 b5 14. a3 Nb8 15. O-O Nbd7 16. Ng3 cxd4 17. exd4 a5 18. b4 Rfc8 19. Ne2 axb4 20. axb4 Nb6 21. Qe3 Qc7 22. f5 Rxa1 23. Rxa1 Na4 24. Bf4 Qc6 25. Nb3 Ne4 26. Nc5 Naxc5 27. bxc5 gxf5 28. gxf5 Qf6 29. Ng3 Nxg3 30. Qxg3 Qxf5 31. Bh6 Qg6 32. Qxg6 hxg6 33. Bxg7 Kxg7 34. Ra7 Kf6 35. Rb7 e5 36. Kf2 exd4 37. cxd4 Rh8 38. Rd7 Ke6 39. Rd6+ Kf5 40. Rxd5+ Ke4 41. Rd7 b4 42. c6 b3 43. Kg3 Rc8 44. Rb7 Rxc6 45. Rxb3 Kxd4 46. Kf4 Rf6+ 47. Kg4 Rf1 48. Kg5 Ke4 49. Rb4+ Ke5 50. Rb5+ Ke6 51. Rb6+ Ke7 52. Rb7+ Kf8 53. h4 Kg7 54. Ra7 Rg1+ 55. Kf4 Kh6 56. Ra8 f5 57. Ke5 Kh5 58. Rh8+ Kg4 59. Kf6 f4 60. h5 f3 61. Kxg6 Kh4+ 62. Kh6 f2 63. Rd8 f1=Q 64. Rd4+ Kg3 0-1

[Event "Aarhusmesterskabet 1986"]
[Site "Aarhus"]
[Date "1986.??.??"]
[Round "2"]
[White "Sorensen, Henrik"]
[Black "Ochsner, Thomas"]
[Result "0-1"]
[WhiteElo "2250"]
[BlackElo "2275"]
[EventType "tourn"]
[EventRounds "7"]
[EventCountry "DEN"]
[SourceTitle "Gl Danbase"]

1. d4 Nf6 2. c4 e5 3. dxe5 Ng4 4. Bf4 Bb4+ 5. Nc3 Nc6 6. Nf3 Qe7 7. Qd5 Bxc3+ 8. bxc3 f6 9. exf6 Nxf6 10. Qd1 d6 11. e3 O-O 12. Be2 Ne4 13. Rc1 Kh8 14. O-O g5 15. Bg3 h5 16. Bd3 Nc5 17. h4 Rxf3 18. gxf3 gxh4 19. Bf4 Bh3 20. Kh2 Bxf1 21. Bxf1 Rg8 22. Bh3 Qf7 23. Qd5 Qxd5 24. cxd5 Nd3 25. Rb1 Na5 26. Be6 Rg6 27. Kh3 Rf6 28. Bg5 Rxf3+ 29. Kxh4 Rxf2 30. Kxh5 b6 31. Bd8 Nc4 32. Bxc7 Nde5 33. a4 Nd2 34. Rb4 Ndf3 35. Bd8 Kg7 36. Rf4 Rh2+ 37. Bh4 Rxh4+ 38. Rxh4 Nxh4 39. Kxh4 Nc4 40. e4 Kf6 41. Kg4 Ke5 42. Kf3 Nd2+ 43. Ke3 Nxe4 44. Kd3 Nc5+ 45. Kc4 Nxa4 46. Bg4 a6 47. Bh5 b5+ 48. Kb4 Nb6 49. Ka5 Nxd5 50. Kxa6 Nxc3 51. Ka5 d5 52. Kb4 d4 53. Bf3 Kf4 54. Bh5 Ke3 55. Bg6 Ke2 56. Kc5 Ke3 57. Kb4 Ne4 58. Kxb5 d3 59. Ka6 d2 60. Bh5 Nc3 0-1

[Event "Aarhusmesterskabet 1986"]
[Site "Aarhus"]
[Date "1986.??.??"]
[Round "3"]
[White "Kroll, Ove"]
[Black "Rewitz, Poul"]
[Result "1/2-1/2"]
[WhiteElo "2330"]
[BlackElo "2295"]
[EventType "tourn"]
[EventRounds "7"]
[EventCountry "DEN"]
[SourceTitle "Gl Danbase"]

1. c4 g6 2. Nc3 Bg7 3. d4 d6 4. e4 Nc6 5. Nge2 e5 6. d5 Nd4 7. Be3 Bg4 8. f3 Bxf3 9. gxf3 Nxf3+ 10. Kf2 Nh4 11. Ng3 Bh6 12. Bxh6 Nxh6 13. Ke3 Qg5+ 14. Kd3 Ng4 15. Qd2 Qxd2+ 16. Kxd2 Nf3+ 17. Ke2 Nd4+ 18. Kd2 Nf3+ 19. Ke2 Nd4+ 1/2-1/2

[Event "Aarhusmesterskabet 1986"]
[Site "Aarhus"]
[Date "1986.??.??"]
[Round "3"]
[White "Ochsner, Thomas"]
[Black "Jacobsen, Bo"]
[Result "1-0"]
[WhiteElo "2275"]
[BlackElo "2285"]
[EventType "tourn"]
[EventRounds "7"]
[EventCountry "DEN"]
[SourceTitle "Gl Danbase"]

1. e4 e5 2. Nf3 Nc6 3. Bb5 Nf6 4. O-O d6 5. Nc3 Bd7 6. d4 Be7 7. Bxc6 Bxc6 8. Qd3 exd4 9. Nxd4 Bd7 10. b3 O-O 11. Bb2 c6 12. Rad1 Qa5 13. Nde2 Rad8 14. Qg3 Nh5 15. Qf3 Qg5 16. Bc1 Qg6 17. Qd3 b6 18. f4 Rfe8 19. f5 Qg4 20. h3 Qh4 21. Qf3 d5 22. e5 Bc5+ 23. Kh2 Rxe5 24. g3 Qe7 25. Qxh5 f6 26. Nf4 Bxf5 27. Nfxd5 Rdxd5 28. Rxd5 cxd5 29. Rxf5 Re1 30. Bd2 g6 31. Qg4 d4 32. Bxe1 Qxe1 33. Ne2 Kf7 34. Rf4 f5 35. Qf3 Qd2 36. Qd3 Qe1 37. Kg2 Kf6 1-0

[Event "Aarhusmesterskabet 1986"]
[Site "Aarhus"]
[Date "1986.??.??"]
[Round "4"]
[White "Jensen, Vagn"]
[Black "Rewitz, Poul"]
[Result "1-0"]
[WhiteElo "2215"]
[BlackElo "2295"]
[EventType "tourn"]
[EventRounds "7"]
[EventCountry "DEN"]
[SourceTitle "Gl Danbase"]

1. e4 e6 2. d4 d5 3. Nc3 dxe4 4. Nxe4 Nd7 5. Nf3 Ngf6 6. Nxf6+ Nxf6 7. Bc4 b6 8. Ne5 Bb7 9. Qe2 Qc8 10. O-O Be7 11. Bg5 O-O 12. Rad1 c5 13. dxc5 Qxc5 14. Rd3 Be4 15. Bxf6 Bxd3 16. Nxd3 Qxc4 17. Bxe7 Rfe8 18. b3 Qa6 19. Bb4 Qxa2 20. Bc3 Qa3 21. Qg4 Qf8 22. Bb4 f5 23. Qf4 Qf6 24. Ne5 g5 25. Qe3 f4 26. Qe2 Rac8 27. c4 h5 28. h3 Rc7 29. Bc3 Rh7 30. Ba1 Qe7 31. Qe4 Rh6 32. Qd4 Rd8 33. Nc6 1-0

[Event "Aarhusmesterskabet 1986"]
[Site "Aarhus"]
[Date "1986.??.??"]
[Round "4"]
[White "Sorensen, Henrik"]
[Black "Kroll, Ove"]
[Result "1-0"]
[WhiteElo "2250"]
[BlackElo "2330"]
[EventType "tourn"]
[EventRounds "7"]
[EventCountry "DEN"]
[SourceTitle "Gl Danbase"]

1. Nf3 e6 2. g3 Nf6 3. c4 Be7 4. Bg2 O-O 5. O-O d5 6. d4 Nbd7 7. Qc2 c6 8. Nbd2 b6 9. b3 Bb7 10. Bb2 Rc8 11. e4 Qc7 12. e5 Ne8 13. Rfe1 c5 14. Rac1 dxc4 15. Qxc4 Qb8 16. Qd3 cxd4 17. Rxc8 Qxc8 18. Rc1 Nc5 19. Qxd4 Nc7 20. Nc4 Qa8 21. Qe3 Nd5 22. Qe2 Nb4 23. Ra1 Rd8 24. Ba3 Nc2 25. Qxc2 Bxf3 26. Bxf3 Qxf3 27. Ne3 Qh5 28. Bb2 Qg6 29. Qxg6 hxg6 30. Rd1 Rxd1+ 31. Nxd1 Nd3 32. Kf1 Bc5 33. Ke2 Nxb2 34. Nxb2 Bd4 35. Nd3 f5 36. Nb4 Bxe5 37. Nc6 Bd6 38. Nxa7 Kf7 39. Nb5 Bc5 40. f3 e5 41. Kd3 Bg1 42. h3 Bf2 43. g4 Kf6 44. a4 Kg5 45. Ke2 Bc5 46. Nc7 Be7 47. Nd5 Bd8 48. Kf2 Kh4 49. Kg2 e4 50. fxe4 fxg4 51. hxg4 Kxg4 52. b4 g5 53. b5 g6 54. Kf2 Kh3 55. Kg1 g4 56. e5 Bh4 57. e6 Be1 58. e7 g3 59. Nf4+ 1-0

[Event "Aarhusmesterskabet 1986"]
[Site "Aarhus"]
[Date "1986.??.??"]
[Round "5"]
[White "Kroll, Ove"]
[Black "Jacobsen, Bo"]
[Result "0-1"]
[WhiteElo "2330"]
[BlackElo "2285"]
[EventType "tourn"]
[EventRounds "7"]
[EventCountry "DEN"]
[SourceTitle "Gl Danbase"]

1. c4 Nf6 2. Nc3 g6 3. e4 d6 4. d4 Bg7 5. f3 O-O 6. Nge2 e5 7. Bg5 Nbd7 8. d5 Nb6 9. Ng3 c6 10. Bd3 Qc7 11. O-O a5 12. Rc1 Nfd7 13. Qe2 Nc5 14. Bb1 Nba4 15. Nd1 b5 16. dxc6 Ne6 17. Be3 bxc4 18. Qxc4 Nac5 19. Qd5 Nd4 20. Qc4 Ba6 21. Qd5 Bxf1 22. Kxf1 Ra6 23. Nc3 Rxc6 24. Bxd4 exd4 25. Nb5 Qb6 26. a4 Rfc8 27. Ba2 Ne6 28. Rc4 Be5 29. Ne2 g5 30. h4 h6 31. hxg5 hxg5 32. g3 Kg7 33. Rxc6 Qxc6 34. Qxc6 Rxc6 35. f4 d3 36. fxe5 Rc1+ 37. Kf2 dxe2 38. Kxe2 dxe5 39. Bxe6 fxe6 40. Kd3 Rg1 41. Kc4 0-1

[Event "Aarhusmesterskabet 1986"]
[Site "Aarhus"]
[Date "1986.??.??"]
[Round "5"]
[White "Ochsner, Thomas"]
[Black "Jensen, Vagn"]
[Result "0-1"]
[WhiteElo "2275"]
[BlackElo "2215"]
[EventType "tourn"]
[EventRounds "7"]
[EventCountry "DEN"]
[SourceTitle "Gl Danbase"]

1. e4 e5 2. Nf3 Nf6 3. Nxe5 d6 4. Nf3 Nxe4 5. d4 d5 6. Bd3 Bd6 7. O-O O-O 8. c4 c6 9. Nc3 Nxc3 10. bxc3 dxc4 11. Bxc4 Bg4 12. h3 Bh5 13. Re1 Nd7 14. Be2 Re8 15. Bg5 Qa5 16. Qd2 Nb6 17. Rab1 Bxf3 18. Bxf3 Nc4 19. Rxe8+ Rxe8 20. Re1 Rxe1+ 0-1

[Event "Aarhusmesterskabet 1986"]
[Site "Aarhus"]
[Date "1986.??.??"]
[Round "6"]
[White "Jacobsen, Bo"]
[Black "Rewitz, Poul"]
[Result "0-1"]
[WhiteElo "2285"]
[BlackElo "2295"]
[EventType "tourn"]
[EventRounds "7"]
[EventCountry "DEN"]
[SourceTitle "Gl Danbase"]

1. c4 g6 2. g3 Bg7 3. Bg2 d6 4. Nc3 Nc6 5. d4 Nxd4 6. Qd2 e5 7. b3 Bf5 8. Kf1 Rb8 9. Bb2 Nf6 10. Rd1 O-O 11. h3 Bd7 12. e3 Nc6 13. Nge2 Ne7 14. Kg1 Bc6 15. Nd5 Nexd5 16. cxd5 Bd7 17. Rc1 Ne8 18. Kh2 f5 19. Rc2 Rf7 20. Rhc1 h5 21. Rc4 Bb5 22. Rb4 a6 23. Ng1 e4 24. Bxg7 Rxg7 25. f3 c5 26. dxc6 bxc6 27. Rd4 Qe7 28. b4 d5 29. f4 Nc7 30. Qc3 Bc4 31. Rxc4 dxc4 32. a3 Kh7 33. Qxc4 a5 34. Qxc6 axb4 35. axb4 Qxb4 36. h4 Qb6 37. Qxb6 Rxb6 38. Nh3 Rd7 39. Kg1 Kg7 40. Bf1 Nd5 41. Kf2 Rb2+ 42. Be2 Ra7 0-1

[Event "Aarhusmesterskabet 1986"]
[Site "Aarhus"]
[Date "1986.??.??"]
[Round "6"]
[White "Jensen, Vagn"]
[Black "Sorensen, Henrik"]
[Result "1-0"]
[WhiteElo "2215"]
[BlackElo "2250"]
[EventType "tourn"]
[EventRounds "7"]
[EventCountry "DEN"]
[SourceTitle "Gl Danbase"]

1. e4 e5 2. Bc4 Nf6 3. d3 Nc6 4. Nc3 Bb4 5. Nge2 d5 6. exd5 Nxd5 7. O-O Bxc3 8. Nxc3 Nxc3 9. bxc3 O-O 10. Qh5 Qd6 11. f4 Na5 12. Bxf7+ Kh8 13. f5 Qe7 14. Bg6 h6 15. Bxh6 gxh6 16. Qxh6+ Kg8 17. f6 Rxf6 18. Rxf6 Qxf6 19. Qh7+ Kf8 20. Rf1 1-0

[Event "Aarhusmesterskabet 1986"]
[Site "Aarhus"]
[Date "1986.??.??"]
[Round "6"]
[White "Ochsner, Thomas"]
[Black "Schandorff, Lars"]
[Result "0-1"]
[WhiteElo "2275"]
[BlackElo "2335"]
[EventType "tourn"]
[EventRounds "7"]
[EventCountry "DEN"]
[SourceTitle "Gl Danbase"]

1. e4 e5 2. Nf3 Nc6 3. Bb5 a6 4. Ba4 Nf6 5. O-O Be7 6. Re1 b5 7. Bb3 d6 8. c3 O-O 9. d4 Bg4 10. Be3 exd4 11. cxd4 d5 12. e5 Ne4 13. h3 Bh5 14. g4 Bg6 15. Nh2 a5 16. f3 Ng5 17. Nc3 Nb4 18. a3 Nd3 19. Nxd5 Nxh3+ 20. Kg2 Bg5 21. Qd2 Nxe1+ 22. Kxh3 Bxe3 23. Qxe3 Nc2 24. Bxc2 Bxc2 25. Nf4 b4 26. Rc1 b3 27. Nh5 Ra6 28. f4 Qd7 29. Kg3 Rd8 30. Nf3 Rg6 31. g5 Rc6 32. Kf2 Bg6 33. Ng3 Rxc1 34. Qxc1 Bc2 35. Qe3 Bd1 36. Ne2 Qf5 37. Ne1 Bxe2 38. Kxe2 a4 39. Nd3 0-1

[Event "Aarhusmesterskabet 1986"]
[Site "Aarhus"]
[Date "1986.??.??"]
[Round "7"]
[White "Kroll, Ove"]
[Black "Ochsner, Thomas"]
[Result "0-1"]
[WhiteElo "2330"]
[BlackElo "2275"]
[EventType "tourn"]
[EventRounds "7"]
[EventCountry "DEN"]
[SourceTitle "Gl Danbase"]

1. d4 Nf6 2. Nc3 d5 3. Bg5 g6 4. Bxf6 exf6 5. e3 Bg7 6. Qf3 c6 7. Bd3 f5 8. Nge2 Nd7 9. g4 fxg4 10. Qxg4 Ne5 11. Qg2 Nxd3+ 12. cxd3 Be6 13. O-O-O Qd6 14. Qg3 O-O-O 15. Qxd6 Rxd6 16. b4 Bg4 17. Kd2 Rf6 18. f4 Re8 19. Rhg1 h5 20. Rg3 Rfe6 21. h3 Bf5 22. Rb1 b5 23. a4 a6 24. a5 Bf6 25. Rbg1 Be7 26. Na2 Bd6 27. Rf3 Kc7 28. Nec3 Rxe3 29. Rxe3 Bxf4 30. Nd1 Bxh3 31. Ke2 Bxe3 32. Nxe3 f5 33. Kf3 Bg4+ 34. Nxg4 fxg4+ 35. Kf2 Rf8+ 36. Ke3 Rf3+ 37. Ke2 Rh3 38. Rg2 h4 39. Nc3 g3 40. Nd1 Rh1 41. Ne3 Rb1 42. Ng4 Rxb4 43. Ke3 Rb1 44. Kf4 b4 45. Kg5 Rh1 46. Re2 h3 47. Re7+ Kd6 0-1

[Event "Aarhusmesterskabet 1986"]
[Site "Aarhus"]
[Date "1986.??.??"]
[Round "7"]
[White "Schandorff, Lars"]
[Black "Jensen, Vagn"]
[Result "1-0"]
[WhiteElo "2335"]
[BlackElo "2215"]
[EventType "tourn"]
[EventRounds "7"]
[EventCountry "DEN"]
[SourceTitle "Gl Danbase"]

1. d4 d5 2. Nf3 Nc6 3. g3 Nf6 4. Bg2 g6 5. O-O Bg7 6. b3 O-O 7. Bb2 Ne4 8. Nbd2 Bf5 9. e3 Nxd2 10. Qxd2 Be4 11. Rfd1 Qd6 12. c4 Rad8 13. Rac1 e6 14. Qe2 a6 15. Ne1 Bxg2 16. Kxg2 Qe7 17. Nd3 dxc4 18. Rxc4 e5 19. Nxe5 Nxe5 20. dxe5 Bxe5 21. Rxd8 Rxd8 22. Re4 f6 23. f4 Qc5 24. fxe5 Qd5 25. Qc4 Qxc4 26. Rxc4 Rd2+ 27. Kf3 Rxb2 28. exf6 Kf7 29. Rxc7+ Kxf6 30. Rxb7 Rxa2 31. Rxh7 1-0